Создание технологий и оборудования высокоэффективной экологически безопасной переработки минерального сырья и техногенных отходов (на примере объектов горнопромышленных агломераций Тувы и сопредельных регионов): сводный отчет по конкурсному проекту СО РАН № 28.4.8 (2004-2006 гг.) (Запись № 1163292)

Подробности
000 -МАРКЕР
контрольное поле 02421nam0a2200385 4500
001 - ИДЕНТИФИКАТОР ЗАПИСИ
контрольное поле RU\NLR\bibl\1111480
005 - ИДЕНТИФИКАТОР ВЕРСИИ
контрольное поле 20260407041609.0
010 ## - МЕЖДУНАРОДНЫЙ СТАНДАРТНЫЙ НОМЕР КНИГИ (ISBN)
Номер (ISBN) 5-94897-028-0
021 ## - НОМЕР ГОСУДАРСТВЕННОЙ РЕГИСТРАЦИИ
Код страны российская федерация
Номер 2007-39612
Номер Листа государственной регистраци 2123
035 ## - ДРУГИЕ СИСТЕМНЫЕ НОМЕРА
Идентификатор записи (NLR Aleph) 001098517
100 ## - ДАННЫЕ ОБЩЕЙ ОБРАБОТКИ
Данные общей обработки 20070720d2006 |||y0rusy50 ca
101 0# - ЯЗЫК РЕСУРСА
Язык текста, звукозаписи и т.д. русский
102 ## - СТРАНА ПУБЛИКАЦИИ ИЛИ ПРОИЗВОДСТВА
Страна публикации российская федерация
105 ## - ПОЛЕ КОДИРОВАННЫХ ДАННЫХ: ТЕКСТОВЫЕ МАТЕРИАЛЫ, МОНОГРАФИЧЕСКИЕ
Кодированные данные о монографическом текстовом документе ab |||||||||
200 1# - ЗАГЛАВИЕ И СВЕДЕНИЯ ОБ ОТВЕТСТВЕННОСТИ
Основное заглавие Создание технологий и оборудования высокоэффективной экологически безопасной переработки минерального сырья и техногенных отходов (на примере объектов горнопромышленных агломераций Тувы и сопредельных регионов): сводный отчет по конкурсному проекту СО РАН № 28.4.8 (2004-2006 гг.)
Первые сведения об ответственности Тув. ин-т комлекс. освоения природ. ресурсов Сиб. отд-ния Рос. акад. наук
Последующие сведения об ответственности науч. рук.: к.т.н. Ю. Д. Каминский
-- отв. ред.: д.г.-м.н. В. И. Лебедев
210 ## - ПУБЛИКАЦИЯ, РАСПРОСТРАНЕНИЕ И ДР.
Место издания, распространения и т.д. Кызыл
Имя издателя, распространителя и т. д. ТувМКОПР СО РАН
Дата издания, распространения и т.д. 2006
215 ## - ФИЗИЧЕСКАЯ ХАРАКТЕРИСТИКА
Специфическое обозначение материала и объем 113, [1] с.
Другие сведения о физической характеристике ил., цв. ил., карт.
Размеры 27
313 ## - ПРИМЕЧАНИЯ, ОТНОСЯЩИЕСЯ К ТЕМАТИЧЕСКОМУ ДОСТУПУ
Текст примечания в т.ч. термолиз кам. угля
320 ## - ПРИМЕЧАНИЯ О НАЛИЧИИ В ДОКУМЕНТЕ БИБЛИОГРАФИИ / УКАЗАТЕЛЯ
Текст примечания Библиогр. в подстроч. примеч.
320 ## - ПРИМЕЧАНИЯ О НАЛИЧИИ В ДОКУМЕНТЕ БИБЛИОГРАФИИ / УКАЗАТЕЛЯ
Текст примечания Список опубл. работ по тематике проекта в конце кн. (53 назв.)
606 1# - НАИМЕНОВАНИЕ ТЕМЫ КАК ПРЕДМЕТ
Наименование темы Каменный уголь
Тематический подзаголовок Термолиз
Системный номер авторитетной/нормативной записи 2485914
Идентификатор авторитетной/нормативной записи RU\NLR\auth\661475363
606 1# - НАИМЕНОВАНИЕ ТЕМЫ КАК ПРЕДМЕТ
Наименование темы Минеральное сырье
Тематический подзаголовок Переработка
Географический подзаголовок Тыва, Республика
Системный номер авторитетной/нормативной записи 2486157
Идентификатор авторитетной/нормативной записи RU\NLR\auth\661475502
606 1# - НАИМЕНОВАНИЕ ТЕМЫ КАК ПРЕДМЕТ
Наименование темы Цветная металлургия
Системный номер авторитетной/нормативной записи 1234929
Идентификатор авторитетной/нормативной записи RU\NLR\auth\66186247
686 ## - ИНДЕКСЫ ДРУГИХ КЛАССИФИКАЦИЙ
Индекс К33
686 ## - ИНДЕКСЫ ДРУГИХ КЛАССИФИКАЦИЙ
Индекс Л522
702 #1 - ИМЯ ЛИЦА - ВТОРИЧНАЯ ОТВЕТСТВЕННОСТЬ
Код отношения Редактор
Материалы, к которым относится поле rus
Графика поля Кириллица
Начальный элемент ввода Лебедев
Часть имени, кроме начального элемента ввода В. И.
Дополнения к именам, кроме дат д-р геол.-минерал. наук
Даты 1935-
Расширение инициалов личного имени Владимир Ильич
Идентификатор авторитетной/нормативной записи RU\NLR\AUTH\7746828
Системный номер авторитетной/нормативной записи 29763
712 02 - НАИМЕНОВАНИЕ ОРГАНИЗАЦИИ - ВТОРИЧНАЯ ОТВЕТСТВЕННОСТЬ
Код отношения Прочие
Начальный элемент ввода Тувинский институт комплексного освоения природных ресурсов
Идентифицирующий признак Кызыл
Идентификатор авторитетной/нормативной записи RU\NLR\AUTH\8810013732
Системный номер авторитетной/нормативной записи 525362
801 #0 - ИСТОЧНИК ЗАПИСИ
Страна российская федерация
Организация NLR
Дата составления 20070720
Правила каталогизации RCR
801 #1 - ИСТОЧНИК ЗАПИСИ
Страна российская федерация
Организация NLR
Дата составления 20070720
942 ## - ДОПОЛНИТЕЛЬНЫЕ ЭЛЕМЕНТЫ ЗАПИСИ (АБИС)
Тип экземпляра АБИС Книга
980 ## - КОЛЛЕКЦИЯ
Название коллекции Национальная библиография
Экземпляры
Тип экземпляра Дата поступления Источник поступления Библиотека постоянного хранения Библиотека текущего хранения Место хранения Шифр хранения Штрих-код Статус не для выдачи
Книга 20.07.2007 Обязательный экземпляр РНБ (Московский) РНБ (Московский) Русский книжный фонд: издания с 1957 года, 9этаж 2007-7/4240 2475996  
Книга 19.06.2009 Дар РНБ (Московский) РНБ (Московский) Русский книжный фонд: издания с 1957 года, 9этаж 2007-7/4240 2945212